Politické strany a vývoj straníckeho systému na Slovensku od roku 1992

Skúmanie systému politických strán na Slovensku od roku 1990. Zastúpenie politických strán vo voľbách od roku 1992.

Enregistré dans:
Détails bibliographiques
Auteur principal: Kucharčík, Rudolf, 1977-
Autres auteurs: Řádek, Miroslav
Format: Chapitre de livre
Langue:slovaque
Sujets:
Tags: Ajouter un tag
Pas de tags, Soyez le premier à ajouter un tag!

MARC

LEADER 00000naa$a2200000$$$4500
001 0164936
005 20240502072858.7
041 0 |a slo 
044 |a SK 
245 1 0 |a Politické strany a vývoj straníckeho systému na Slovensku od roku 1992  |c Rudolf Kucharčík, Miroslav Řádek 
520 |a Skúmanie systému politických strán na Slovensku od roku 1990. Zastúpenie politických strán vo voľbách od roku 1992. 
610 2 0 |a strany politické 
610 2 0 |a Slovensko 
610 2 0 |a politológia 
610 2 0 |a systémy politické 
610 2 0 |a voľby 
100 1 |a Kucharčík, Rudolf, 1977- 
700 1 |a Řádek, Miroslav